| 000 | 01727cam a2200349 i 4500 | ||
|---|---|---|---|
| 001 | 768714001 | ||
| 003 | CO-MdFUSB | ||
| 005 | 20240527142953.0 | ||
| 007 | ta | ||
| 008 | 240525b1974 spa||||| |||| 00| 0 spa d | ||
| 020 | _a84-301-0618-9 | ||
| 040 | _cCO-MdFUSB | ||
| 041 | 0 |
_aspa _hger |
|
| 082 | 0 | 4 |
_a233 _bW8556a _223 |
| 100 | 1 |
_aWolff, H. Walter (Hans) _eautor |
|
| 240 | _aAnthropologie des Alten Testaments | ||
| 245 | 1 | 0 |
_aAntropología del Antiguo Testamento _c/ Hans Walter Wolff ; traducido por Severiano Talavero Tovar |
| 250 | _atercera edición | ||
| 264 | 1 |
_bEdiciones Sígueme, _aSalamanca, España : _c[1974] |
|
| 264 | 4 | _c©1974 | |
| 300 |
_a341 páginas _c; 21 cm |
||
| 336 |
_atexto _btxt _2rdacontent |
||
| 337 |
_2rdamedia _asin mediación _bn |
||
| 338 |
_2rdacarrier _avolumen _bnc |
||
| 505 | _aEl ser del hombre -- El hombre necesitado -- El hombre efímero -- El hombre fortalecido -- El hombre razonante -- La vida del cuerpo -- La forma del cuerpo -- La esencia del hombre -- El tiempo del hombre -- El concepto de tiempo en el Antiguo Testamento -- Creación y nacimiento -- Vida y muerte -- Ser joven y envejecer -- Vigilar y trabajar -- Dormir y descansar -- Enfermedad y curación -- La esperanza del hombre -- El mundo del hombre -- Imagen de Dios, al regidor del hombre -- Marido y mujer -- Padres e hijos -- Hermanos, amigos, enemigos -- Señores y siervos -- Sabios y necios (maestros y discípulos) -- El individuo y la comunidad -- El destino del hombre | ||
| 563 | _aRústico | ||
| 650 | 7 |
_aAntropología bíblica _2embne _96715 |
|
| 700 |
_aTalavero Tovar, Severiano. _93147 _etraductor |
||
| 942 | _cBK | ||
| 945 | _aMiguel Ángel | ||
| 999 |
_c34699 _d34699 |
||